[Event "Leutersdorf Sparkasse op 15th"]
[Site "Leutersdorf"]
[Date "2011.02.20"]
[Round "5"]
[White "Richter, Volker"]
[Black "Arnhold, Albrecht"]
[Result "1/2-1/2"]
[WhiteElo "2084"]
[BlackElo "2016"]
[PlyCount "77"]
[EventDate "2011.02.18"]
[EventType "swiss"]
[EventRounds "7"]
[EventCountry "GER"]
[SourceTitle "CBM 141 Extra"]
[Source "ChessBase"]
[SourceDate "2011.05.03"]
[SourceVersion "1"]
[SourceVersionDate "2011.05.03"]
[SourceQuality "1"]

1. e4 c5 2. c3 Nf6 3. e5 Nd5 4. d4 cxd4 5. cxd4 e6 6. Nc3 d6 7. Nf3 Nc6 8. Bd3 dxe5 9. dxe5 Nxc3 10. bxc3 Qa5 11. 0-0 Be7 12. Qe2 Bd7 13. Rb1 Qc7 14. Re1 a6 15. Be3 b5 16. a4 bxa4 17. Bxa6 Bc8 18. Bb6 Bxa6 19. Bxc7 Bxe2 20. Rxe2 Kd7 21. Bd6 Bxd6 22. Rd2 Rhb8 23. Rbd1 Kc7 24. exd6+ Kd7 25. Kf1 a3 26. Ra2 Rb2 27. Rd2 Rxa2 28. Rxa2 Kxd6 29. Ke2 Kc5 30. Kd3 Ra4 31. Kc2 Na5 32. Ne5 f6 33. Nd7+ Kb5 34. Nf8 e5 35. Ne6 g5 36. Nc7+ Kc6 37. Na6 Nb7 38. Nb4+ Kc5 39. Kb3 1/2-1/2

[Event "Oberliga Ost-A 0809"]
[Site "Germany"]
[Date "2009.03.29"]
[Round "11.8"]
[White "Schellig, Andreas"]
[Black "Richter, Volker"]
[Result "1/2-1/2"]
[WhiteElo "2139"]
[BlackElo "2125"]
[PlyCount "127"]
[EventDate "2008.10.12"]
[EventType "team-tourn"]
[EventRounds "11"]
[EventCountry "GER"]
[SourceTitle "EXT 2010"]
[Source "ChessBase"]
[SourceDate "2010.11.25"]
[SourceVersion "1"]
[SourceVersionDate "2010.11.25"]
[SourceQuality "1"]
[WhiteTeam "Leipzig Gohlis II"]
[BlackTeam "Ebersbach"]
[WhiteTeamCountry "GER"]
[BlackTeamCountry "GER"]

1. d4 Nf6 2. c4 g6 3. Nc3 d5 4. Bf4 Bg7 5. Nf3 c5 6. dxc5 Qa5 7. Qb3 dxc4 8. Qxc4 Nc6 9. Ne5 Be6 10. Qb5 Qxb5 11. Nxb5 Nd5 12. Nd3 0-0 13. Bd2 Bf5 14. Nc3 Nxc3 15. Bxc3 Bxc3+ 16. bxc3 Rac8 17. f3 e5 18. e4 Be6 19. Be2 Rfd8 20. Kf2 Kf8 21. Rhd1 Ke7 22. Rab1 Rc7 23. a3 f6 24. Ke3 Na5 25. Kf2 Bb3 26. Rdc1 Bc4 27. Nb4 Rd2 28. Re1 Rxc5 29. Ke3 Rxe2+ 30. Rxe2 Bxe2 31. Kxe2 Ke6 32. Nd5 f5 33. Kd3 b6 34. Rb4 h5 35. g3 Nb7 36. Ra4 Na5 37. Rb4 Kd6 38. Ne3 Ke6 39. Nd5 fxe4+ 40. fxe4 Rc8 41. Ne3 Nb7 42. Nc4 Nc5+ 43. Ke3 Rd8 44. Nb2 h4 45. a4 hxg3 46. hxg3 Rd6 47. a5 Na6 48. Rb3 Nc5 49. Rb5 Nd7 50. axb6 Rxb6 51. Rxb6+ Nxb6 52. Kd3 Nd7 53. Nc4 Nc5+ 54. Ke3 Nb3 55. g4 Kf6 56. g5+ Kxg5 57. Nxe5 Kf6 58. Nc6 a5 59. Kd3 g5 60. e5+ Ke6 61. c4 g4 62. Ke3 Kf5 63. e6 Kxe6 64. Nxa5 1/2-1/2

[Event "Leutersdorf Sparkasse op 11th"]
[Site "Leutersdorf"]
[Date "2007.02.18"]
[Round "7"]
[White "Byhan, Gert"]
[Black "Richter, Volker"]
[Result "1-0"]
[WhiteElo "2002"]
[BlackElo "2153"]
[PlyCount "63"]
[EventDate "2007.02.16"]
[EventType "swiss"]
[EventRounds "7"]
[EventCountry "GER"]
[SourceTitle "CBM 117 Extra"]
[Source "ChessBase"]
[SourceDate "2007.05.09"]
[SourceVersion "1"]
[SourceVersionDate "2007.05.09"]
[SourceQuality "1"]

1. e4 e6 2. d4 d5 3. exd5 exd5 4. Bd3 Bd6 5. Qe2+ Ne7 6. Nc3 c6 7. Bg5 Qc7 8. 0-0-0 Bf4+ 9. Bxf4 Qxf4+ 10. Kb1 Be6 11. Nf3 Nd7 12. g3 Qf6 13. Ne5 0-0-0 14. f4 h5 15. Rde1 Nf5 16. Qf2 Nd6 17. Nd1 Bf5 18. Nxd7 Kxd7 19. Bxf5+ Qxf5 20. Re5 Qg6 21. Nc3 f5 22. Rhe1 Rde8 23. b3 Nf7 24. Rxe8 Rxe8 25. Rxe8 Kxe8 26. Qe2+ Kd7 27. Na4 Nd6 28. Nc5+ Kd8 29. Qe5 Kc8 30. Qe7 Qf6 31. Qd7+ Kb8 32. Ne6 1-0

[Event "Leutersdorf Sparkasse op 11th"]
[Site "Leutersdorf"]
[Date "2007.02.18"]
[Round "6"]
[White "Richter, Volker"]
[Black "Heymann, Walter"]
[Result "1-0"]
[WhiteElo "2153"]
[BlackElo "1918"]
[PlyCount "89"]
[EventDate "2007.02.16"]
[EventType "swiss"]
[EventRounds "7"]
[EventCountry "GER"]
[SourceTitle "CBM 117 Extra"]
[Source "ChessBase"]
[SourceDate "2007.05.09"]
[SourceVersion "1"]
[SourceVersionDate "2007.05.09"]
[SourceQuality "1"]

1. e4 d6 2. d4 Nf6 3. Nc3 e5 4. dxe5 dxe5 5. Qxd8+ Kxd8 6. Bc4 Be6 7. Bxe6 fxe6 8. Nf3 Bd6 9. Bg5 a6 10. 0-0-0 Ke7 11. Nd2 b5 12. a4 c6 13. Rhe1 Rd8 14. f4 h6 15. Bh4 Nbd7 16. Nf3 b4 17. Na2 a5 18. Rxd6 Kxd6 19. fxe5+ Kc7 20. exf6 gxf6 21. b3 Rg8 22. Bg3+ e5 23. c3 Nc5 24. Kc2 Na6 25. cxb4 axb4 26. Re2 Rab8 27. Nc1 Nc5 28. Nd3 Ne6 29. Nb2 Rg4 30. Nc4 h5 31. Bh4 Rxh4 32. Nxh4 Nd4+ 33. Kd3 Nxe2 34. Kxe2 Rd8 35. Nf5 Rg8 36. g3 Rd8 37. Ng7 Rh8 38. h4 Kd7 39. Ne3 Ke7 40. Ngf5+ Ke6 41. Kd3 Rd8+ 42. Kc4 Rd2 43. Kxb4 Rd4+ 44. Nxd4+ exd4 45. Nc4 1-0

[Event "Oberliga Ost-A 0506"]
[Site "Germany"]
[Date "2005.11.27"]
[Round "3.8"]
[White "Richter, Volker"]
[Black "Poenisch, Egmont"]
[Result "1-0"]
[WhiteElo "2167"]
[BlackElo "2135"]
[PlyCount "95"]
[EventDate "2005.11.13"]
[EventType "team-tourn"]
[EventRounds "11"]
[EventCountry "GER"]
[SourceTitle "EXT 2007"]
[Source "ChessBase"]
[SourceDate "2006.11.23"]
[SourceVersion "1"]
[SourceVersionDate "2006.11.23"]
[SourceQuality "1"]
[WhiteTeam "Ebersbach"]
[BlackTeam "Coswig"]
[WhiteTeamCountry "GER"]
[BlackTeamCountry "GER"]

1. e4 d6 2. d4 g6 3. f4 Bg7 4. Nf3 c6 5. Be2 Na6 6. 0-0 Nc7 7. a4 Bd7 8. c4 Nh6 9. Nc3 e6 10. Kh1 0-0 11. Be3 f5 12. e5 d5 13. c5 Rf7 14. a5 Bf8 15. g3 Be7 16. Ng5 Rg7 17. Kg2 Qf8 18. Ra4 Rd8 19. Qb3 Bc8 20. a6 Nxa6 21. Bxa6 bxa6 22. Rb4 Ng4 23. Bd2 h6 24. Nf3 g5 25. h3 a5 26. Ra4 Ba6 27. Re1 Rb8 28. Qc2 gxf4 29. Bxf4 h5 30. Rxa5 Bc4 31. Nd2 Bg5 32. Bxg5 Rxg5 33. hxg4 Rxg4 34. Nxc4 dxc4 35. Ne2 Qh6 36. Rxa7 h4 37. Rh1 Rb3 38. Rh3 Qe3 39. Qxc4 Rg6 40. Qa6 Qf3+ 41. Kg1 Rb8 42. Ra8 Rxa8 43. Qxa8+ Kg7 44. Qb7+ Kg8 45. Qc8+ Kg7 46. Qd7+ Kg8 47. Qd8+ Kg7 48. Qxh4 1-0

[Event "Oberliga Ost-A 0506"]
[Site "Germany"]
[Date "2005.11.13"]
[Round "1.7"]
[White "Loxine, Jakov"]
[Black "Richter, Volker"]
[Result "1-0"]
[WhiteElo "2275"]
[BlackElo "2167"]
[PlyCount "79"]
[EventDate "2005.11.13"]
[EventType "team-tourn"]
[EventRounds "11"]
[EventCountry "GER"]
[SourceTitle "EXT 2007"]
[Source "ChessBase"]
[SourceDate "2006.11.23"]
[SourceVersion "1"]
[SourceVersionDate "2006.11.23"]
[SourceQuality "1"]
[WhiteTeam "Dresden"]
[BlackTeam "Ebersbach"]
[WhiteTeamCountry "GER"]
[BlackTeamCountry "GER"]

1. d4 Nf6 2. c4 g6 3. Nc3 d5 4. cxd5 Nxd5 5. e4 Nxc3 6. bxc3 Bg7 7. Bc4 c5 8. Ne2 0-0 9. 0-0 Nc6 10. Be3 Qc7 11. Rc1 Rd8 12. h3 e6 13. f4 Na5 14. Bd3 f5 15. Qe1 b6 16. g4 fxe4 17. Bxe4 Bb7 18. Bd3 e5 19. f5 exd4 20. cxd4 Re8 21. Bf4 Qc6 22. Qg3 Rad8 23. Kh2 Bxd4 24. Nxd4 Rxd4 25. Rf2 Red8 26. Be2 Qe4 27. Bf3 Qd3 28. Rcf1 Bxf3 29. Rxf3 Qc2+ 30. R3f2 Qe4 31. Bg5 Rd3 32. Qh4 Qe5+ 33. Kh1 Qe4+ 34. Kg1 Nc6 35. Bxd8 Rxd8 36. f6 Rf8 37. f7+ Kg7 38. Qf6+ Kh6 39. g5+ Kh5 40. Qg7 1-0

[Event "Loebau-Zittau KSK op"]
[Site "Leutersdorf"]
[Date "2004.02.14"]
[Round "6"]
[White "Richter, Volker"]
[Black "Peter, Dirk"]
[Result "1-0"]
[WhiteElo "2173"]
[BlackElo "1611"]
[PlyCount "29"]
[EventDate "2004.02.13"]
[EventType "swiss"]
[EventRounds "7"]
[EventCountry "GER"]
[SourceTitle "CBM 098 Extra"]
[Source "ChessBase"]
[SourceDate "2004.03.10"]
[SourceVersion "2"]
[SourceVersionDate "2004.03.10"]
[SourceQuality "1"]

1. e4 c5 2. c3 d5 3. exd5 Qxd5 4. d4 Qe4+ 5. Be3 Bg4 6. Qb3 cxd4 7. cxd4 Be6 8. Qd1 Bg4 9. Qd2 Bf5 10. Nc3 Qe6 11. d5 Qg6 12. Nb5 Na6 13. Nf3 e5 14. a3 Bd6 15. Nh4 1-0

[Event "Loebau-Zittau KSK op"]
[Site "Leutersdorf"]
[Date "2004.02.13"]
[Round "2"]
[White "Kompe, Joerg"]
[Black "Richter, Volker"]
[Result "1/2-1/2"]
[WhiteElo "1697"]
[BlackElo "2173"]
[PlyCount "89"]
[EventDate "2004.02.13"]
[EventType "swiss"]
[EventRounds "7"]
[EventCountry "GER"]
[SourceTitle "CBM 098 Extra"]
[Source "ChessBase"]
[SourceDate "2004.03.10"]
[SourceVersion "2"]
[SourceVersionDate "2004.03.10"]
[SourceQuality "1"]

1. d4 Nf6 2. c4 g6 3. Nc3 d5 4. cxd5 Nxd5 5. e4 Nxc3 6. bxc3 Bg7 7. Bc4 0-0 8. Ne2 c5 9. Be3 Nc6 10. 0-0 Qc7 11. Qc2 Na5 12. Bb3 c4 13. Ba4 a6 14. Qd2 b5 15. Bc2 Rd8 16. Rab1 e6 17. f4 f5 18. Rfd1 Bb7 19. Ng3 Rd6 20. Qf2 Qd7 21. e5 Rd5 22. Bc1 Bf8 23. Re1 Qc7 24. Bd1 Nc6 25. Bf3 Rdd8 26. Rd1 Ne7 27. Bxb7 Qxb7 28. Ba3 Nd5 29. Bxf8 Kxf8 30. Rdc1 Qb6 31. Nf1 Qa5 32. Qd2 Qa3 33. Ne3 Nxe3 34. Qxe3 Rd5 35. Qf2 Qe7 36. Rb2 a5 37. Rcb1 Rb8 38. Qe2 Qa3 39. Qe1 b4 40. Qh4 Kg8 41. Qe7 Rbd8 42. Qxe6+ Kg7 43. Qe7+ Kh6 44. Qh4+ Kg7 45. Qe7+ 1/2-1/2